000 00432 a2200157 4500
020 _a8179923819
082 _a658.4
090 _c6563
_d6563
100 _aClutterbuck,David
245 _aThe HR Guide to Organisational Change.
_bManaging Work Life Balance.
_cDavid Clutterbuck.
250 _a1st.
260 _aDelhi.
_bJaico Publishing House.
_c2004.
300 _a196p.
500 _aHard cover.
942 _aNBS
_cBK
_k658.4 CLU
999 _c348921
_d348921